000 00657cab a2200229 4500
001 WB3407-36
008 090401t1998 xxu||||| |||| 00| 0 eng d
035 _a(Sirsi) u84302
041 _aeng
245 _aCommon land access cut
260 _c1998
350 _a0
490 _aDaily Telegraph
_v17 February 1998, 4(1)
520 _aA judge has upheld a landowner`s right to fence off eight footpaths which had been in general use for decades, worrying land access campaigners.
650 _aACCESS TO LAND
650 _aCOMMON LAND
650 _aFOOTPATHS
650 _aPUBLIC ACCESS
690 _aLAND
942 _n0
948 _c17/02/1998
999 _c52973
_d52973